[Event "DVM U10 2024"]
[Site "Düsseldorf GER"]
[Date "2024.12.27"]
[Round "3"]
[White "Sachse, Alina"]
[Black "Kissel, Joshua"]
[Result "1/2-1/2"]
[Termination "normal"]
[Board "16.3"]
[WhiteElo "848"]
[BlackElo "1140"]
[WhiteClock "00:29:23"]
[BlackClock "00:43:08"]
[WhiteTeam "SV Eintracht Tangerhütte"]
[BlackTeam "SK Weisse Dame Hamburg"]
[PlyCount "92"]
[EventCountry "GER"]
[EventRounds "7"]
[EventType "team-swiss"]
[EventDate "2024.12.26"]

1. e4 {[%clk 00:55:06]} {[%emt 00:00:04]} d5 {[%clk 00:54:57]} {[%emt
00:00:13]} 2. exd5 {[%clk 00:54:58]} {[%emt 00:00:13]} Nf6 {[%clk 00:54:55]}
{[%emt 00:00:07]} 3. Nc3 {[%clk 00:54:52]} {[%emt 00:00:10]} Nxd5 {[%clk
00:54:50]} {[%emt 00:00:11]} 4. Nxd5 {[%clk 00:54:46]} {[%emt 00:00:11]} Qxd5
{[%clk 00:54:45]} {[%emt 00:00:09]} 5. b3 {[%clk 00:54:25]} {[%emt 00:00:27]}
e5 {[%clk 00:54:38]} {[%emt 00:00:12]} 6. Bc4 {[%clk 00:54:21]} {[%emt
00:00:09]} Qe4+ {[%clk 00:54:33]} {[%emt 00:00:10]} 7. Ne2 {[%clk 00:54:13]}
{[%emt 00:00:13]} Qxg2 {[%clk 00:54:28]} {[%emt 00:00:10]} 8. Rf1 {[%clk
00:53:42]} {[%emt 00:00:36]} Qxh2 {[%clk 00:54:22]} {[%emt 00:00:11]} 9. d3
{[%clk 00:53:12]} {[%emt 00:00:35]} Bh3 {[%clk 00:54:16]} {[%emt 00:00:12]} 10.
Bb5+ {[%clk 00:52:37]} {[%emt 00:00:39]} c6 {[%clk 00:54:13]} {[%emt 00:00:08]}
11. Bc4 {[%clk 00:52:29]} {[%emt 00:00:13]} Bc5 {[%clk 00:54:10]} {[%emt
00:00:09]} 12. d4 {[%clk 00:52:11]} {[%emt 00:00:22]} exd4 {[%clk 00:52:50]}
{[%emt 00:01:24]} 13. Bf4 {[%clk 00:51:07]} {[%emt 00:01:08]} Qg2 {[%clk
00:52:38]} {[%emt 00:00:19]} 14. Nxd4 {[%clk 00:49:56]} {[%emt 00:01:15]} b5
{[%clk 00:52:18]} {[%emt 00:00:25]} 15. Bd3 {[%clk 00:49:42]} {[%emt 00:00:19]}
Bxd4 {[%clk 00:52:06]} {[%emt 00:00:17]} 16. Qe2+ {[%clk 00:49:07]} {[%emt
00:00:40]} Be6 {[%clk 00:51:47]} {[%emt 00:00:25]} 17. Be4 {[%clk 00:48:42]}
{[%emt 00:00:30]} Qg4 {[%clk 00:51:28]} {[%emt 00:00:23]} 18. Bf3 {[%clk
00:48:09]} {[%emt 00:00:37]} Qxf4 {[%clk 00:50:59]} {[%emt 00:00:36]} 19. Rd1
{[%clk 00:47:58]} {[%emt 00:00:15]} Bc3+ {[%clk 00:50:39]} {[%emt 00:00:26]}
20. Rd2 {[%clk 00:47:47]} {[%emt 00:00:16]} Bxd2+ {[%emt 00:00:25]} 21. Qxd2
{[%emt 00:00:16]} Qxd2+ {[%clk 00:49:30]} {[%emt 00:00:33]} 22. Kxd2 {[%clk
00:47:40]} {[%emt 00:00:10]} O-O {[%clk 00:49:20]} {[%emt 00:00:17]} 23. Re1
{[%clk 00:47:26]} {[%emt 00:00:19]} Bd5 {[%clk 00:49:04]} {[%emt 00:00:21]} 24.
Bg4 {[%clk 00:47:09]} {[%emt 00:00:21]} c5 {[%clk 00:48:57]} {[%emt 00:00:13]}
25. Re5 {[%clk 00:46:22]} {[%emt 00:00:51]} Rd8 {[%clk 00:48:45]} {[%emt
00:00:17]} 26. f4 {[%clk 00:46:04]} {[%emt 00:00:24]} Na6 {[%clk 00:48:35]}
{[%emt 00:00:15]} 27. f5 {[%clk 00:41:20]} {[%emt 00:04:49]} Bf3+ {[%clk
00:48:18]} {[%emt 00:00:22]} 28. Ke3 {[%clk 00:40:55]} {[%emt 00:00:30]} Bxg4
{[%clk 00:48:13]} {[%emt 00:00:10]} 29. Kf4 {[%clk 00:40:38]} {[%emt 00:00:22]}
Rd4+ {[%clk 00:47:41]} {[%emt 00:00:37]} 30. Kg5 {[%clk 00:40:13]} {[%emt
00:00:29]} f6+ {[%clk 00:47:27]} {[%emt 00:00:20]} 31. Kh4 {[%clk 00:40:02]}
{[%emt 00:00:16]} fxe5 {[%clk 00:47:16]} 32. Kg3 {[%clk 00:39:24]} {[%emt
00:00:57]} Bxf5 {[%clk 00:46:58]} 33. c3 {[%clk 00:38:59]} {[%emt 00:00:55]}
Rd3+ {[%clk 00:46:48]} 34. Kf2 {[%clk 00:38:35]} {[%emt 00:00:43]} Rxc3 {[%clk
00:46:40]} 35. Ke2 {[%clk 00:38:20]} {[%emt 00:00:34]} Rc2+ {[%clk 00:46:33]}
36. Ke3 {[%clk 00:36:15]} {[%emt 00:02:20]} Rxa2 {[%clk 00:46:16]} 37. Kf3
{[%clk 00:35:12]} {[%emt 00:01:32]} Ra3 {[%emt 00:01:05]} 38. Kg3 Rxb3+ {[%clk
00:45:32]} {[%emt 00:00:13]} 39. Kh4 {[%emt 00:01:02]} Rd8 {[%clk 00:45:17]}
{[%emt 00:00:01]} 40. Kg5 {[%clk 00:34:06]} {[%emt 00:00:14]} g6 {[%clk
00:45:11]} 41. Kh4 {[%clk 00:33:01]} {[%emt 00:01:20]} Rh3+ {[%clk 00:45:04]}
42. Kg5 {[%clk 00:32:42]} {[%emt 00:00:35]} Bc8 {[%clk 00:44:39]} 43. Kf6
{[%clk 00:32:30]} {[%emt 00:00:48]} e4 {[%clk 00:44:22]} 44. Ke5 {[%clk
00:32:03]} {[%emt 00:00:52]} e3 {[%clk 00:44:19]} 45. Kf4 {[%clk 00:32:03]}
Rf8+ {[%clk 00:43:27]} {[%emt 00:04:18]} 46. Kg5 {[%clk 00:29:23]} {[%emt
00:00:36]} e2 {[%clk 00:43:08]} 1/2-1/2

[Event "DVM U10 2024"]
[Site "Düsseldorf GER"]
[Date "2024.12.27"]
[Round "3"]
[White "Nordmann, Vigo"]
[Black "Teletskyi, Andrii"]
[Result "1-0"]
[Termination "normal"]
[Board "19.4"]
[WhiteElo "831"]
[BlackElo "787"]
[WhiteClock "00:30:40"]
[BlackClock "00:33:47"]
[WhiteTeam "USV Halle"]
[BlackTeam "SC GG Potsdam"]
[PlyCount "73"]
[BlackFideId "533030294"]
[EventCountry "GER"]
[EventRounds "7"]
[EventType "team-swiss"]
[EventDate "2024.12.26"]

1. e4 {[%clk 00:55:01]} {[%emt 00:00:02]} e5 {[%clk 00:55:08]} {[%emt
00:00:08]} 2. Nf3 {[%clk 00:55:01]} {[%emt 00:00:05]} Nc6 {[%clk 00:55:07]}
{[%emt 00:00:07]} 3. Bc4 {[%clk 00:54:59]} {[%emt 00:00:06]} Bc5 {[%clk
00:55:04]} {[%emt 00:00:08]} 4. O-O {[%clk 00:54:46]} {[%emt 00:00:14]} Nf6
{[%clk 00:54:57]} {[%emt 00:00:15]} 5. d3 {[%clk 00:54:35]} {[%emt 00:00:12]}
O-O {[%clk 00:54:32]} {[%emt 00:00:35]} 6. Bg5 {[%clk 00:54:23]} {[%emt
00:00:09]} d6 {[%clk 00:54:05]} {[%emt 00:00:40]} 7. Qd2 {[%clk 00:53:55]}
{[%emt 00:00:20]} Bg4 {[%clk 00:52:05]} {[%emt 00:02:17]} 8. Nc3 {[%clk
00:53:49]} {[%emt 00:00:11]} Bxf3 {[%clk 00:51:01]} {[%emt 00:01:10]} 9. Nd5
{[%clk 00:53:34]} {[%emt 00:00:14]} Bh5 {[%clk 00:50:44]} {[%emt 00:00:27]} 10.
Nxf6+ {[%clk 00:52:42]} {[%emt 00:00:47]} gxf6 {[%clk 00:50:27]} {[%emt
00:00:33]} 11. Bh4 {[%clk 00:52:15]} {[%emt 00:00:26]} Kh8 {[%clk 00:49:02]}
{[%emt 00:01:34]} 12. Qh6 {[%clk 00:52:00]} {[%emt 00:00:16]} Kg8 {[%clk
00:42:23]} {[%emt 00:06:49]} 13. Bxf6 {[%clk 00:51:38]} {[%emt 00:00:17]} Qxf6
{[%clk 00:41:36]} {[%emt 00:01:03]} 14. Qxf6 {[%clk 00:51:13]} {[%emt
00:00:17]} Nd4 {[%clk 00:40:57]} {[%emt 00:00:56]} 15. Qg5+ {[%clk 00:51:03]}
{[%emt 00:00:09]} Bg6 {[%clk 00:40:57]} {[%emt 00:00:12]} 16. c3 {[%emt
00:01:13]} Ne2+ {[%emt 00:00:45]} 17. Kh1 {[%clk 00:48:08]} {[%emt 00:00:15]}
Nf4 {[%clk 00:40:46]} {[%emt 00:01:03]} 18. b4 {[%emt 00:00:17]} Bb6 {[%emt
00:00:32]} 19. g3 {[%emt 00:01:15]} Ne6 {[%emt 00:00:31]} 20. Qf6 {[%clk
00:44:33]} {[%emt 00:00:18]} Rfe8 {[%clk 00:40:05]} {[%emt 00:01:32]} 21. a4
{[%clk 00:43:58]} {[%emt 00:00:34]} a6 {[%clk 00:39:52]} {[%emt 00:00:25]} 22.
a5 {[%clk 00:43:51]} {[%emt 00:00:12]} Ba7 {[%clk 00:39:47]} {[%emt 00:00:10]}
23. Bd5 {[%clk 00:43:19]} {[%emt 00:00:24]} c6 {[%clk 00:39:01]} {[%emt
00:01:05]} 24. Bb3 {[%emt 00:00:17]} Rad8 {[%emt 00:01:27]} 25. f4 {[%clk
00:40:55]} {[%emt 00:00:32]} exf4 {[%clk 00:38:33]} {[%emt 00:00:44]} 26. gxf4
{[%clk 00:40:27]} {[%emt 00:00:09]} Nf8 {[%clk 00:38:18]} {[%emt 00:00:45]} 27.
f5 {[%clk 00:39:50]} {[%emt 00:00:16]} Bh5 {[%clk 00:38:07]} {[%emt 00:00:39]}
28. Qg5+ {[%emt 00:00:27]} Ng6 {[%emt 00:00:59]} 29. fxg6 {[%clk 00:37:15]}
{[%emt 00:00:59]} hxg6 {[%clk 00:38:05]} {[%emt 00:00:24]} 30. Bxf7+ {[%emt
00:00:25]} Kh7 {[%emt 00:00:27]} 31. Rf6 {[%clk 00:35:42]} {[%emt 00:00:34]}
Rg8 {[%clk 00:36:46]} {[%emt 00:01:36]} 32. d4 {[%clk 00:33:26]} {[%emt
00:01:53]} Rg7 {[%clk 00:36:19]} {[%emt 00:01:01]} 33. Raf1 {[%clk 00:32:41]}
{[%emt 00:00:28]} c5 {[%clk 00:35:15]} {[%emt 00:01:31]} 34. Bxg6+ {[%clk
00:32:00]} {[%emt 00:00:33]} Rxg6 {[%clk 00:34:48]} {[%emt 00:00:44]} 35. Qxh5+
{[%clk 00:31:46]} {[%emt 00:00:07]} Kg7 {[%clk 00:33:47]} {[%emt 00:01:18]} 36.
Qxg6+ {[%emt 00:00:19]} Kh8 {[%emt 00:00:18]} 37. Rf7 {[%clk 00:30:40]} {[%emt
00:00:16]} 1-0

[Event "DVM U10 2024"]
[Site "Düsseldorf GER"]
[Date "2024.12.28"]
[Round "4"]
[White "Riazi, Dominik"]
[Black "Wittenberger, Henri"]
[Result "1-0"]
[Termination "normal"]
[Board "5.1"]
[WhiteElo "1584"]
[BlackElo "1421"]
[WhiteClock "00:48:14"]
[BlackClock "00:48:19"]
[WhiteTeam "SK Bad Homburg 1927"]
[BlackTeam "MSA Zugzwang 82"]
[PlyCount "121"]
[WhiteFideId "533002150"]
[BlackFideId "34691510"]
[EventCountry "GER"]
[EventRounds "7"]
[EventType "team-swiss"]
[EventDate "2024.12.26"]

1. e4 {[%emt 00:00:05]} c5 {[%emt 00:00:09]} 2. Nf3 {[%clk 00:55:07]} {[%emt
00:00:03]} d6 {[%emt 00:00:09]} 3. Bb5+ {[%emt 00:00:50]} Bd7 {[%clk 00:54:04]}
{[%emt 00:00:15]} 4. c4 {[%clk 00:54:40]} {[%emt 00:00:30]} Nf6 {[%emt
00:02:52]} 5. Nc3 {[%emt 00:01:29]} a6 {[%clk 00:51:18]} 6. Bxd7+ {[%clk
00:53:14]} Nbxd7 {[%clk 00:50:42]} {[%emt 00:00:51]} 7. d3 {[%clk 00:51:17]} g6
{[%clk 00:49:06]} {[%emt 00:03:42]} 8. O-O {[%clk 00:49:18]} Bg7 {[%clk
00:48:19]} {[%emt 00:02:56]} 9. h3 {[%clk 00:48:14]} O-O {[%clk 00:48:19]} 10.
Be3 {[%clk 00:48:14]} Rc8 {[%clk 00:48:19]} 11. a4 {[%clk 00:48:14]} Re8 {[%clk
00:48:19]} 12. Rb1 {[%clk 00:48:14]} e6 {[%clk 00:48:19]} 13. b4 {[%clk
00:48:14]} cxb4 {[%clk 00:48:19]} 14. Rxb4 {[%clk 00:48:14]} Qa5 {[%clk
00:48:19]} 15. Qb3 {[%clk 00:48:14]} d5 {[%clk 00:48:19]} 16. Rxb7 {[%clk
00:48:14]} Rb8 {[%clk 00:48:19]} 17. Rxb8 {[%clk 00:48:14]} Rxb8 {[%clk
00:48:19]} 18. Qc2 {[%clk 00:48:14]} Ne8 {[%clk 00:48:19]} 19. Bd2 {[%clk
00:48:14]} dxc4 {[%clk 00:48:19]} 20. dxc4 {[%clk 00:48:14]} Qc5 {[%clk
00:48:19]} 21. Rb1 {[%clk 00:48:14]} Qxc4 {[%clk 00:48:19]} 22. Rxb8 {[%clk
00:48:14]} Nxb8 {[%clk 00:48:19]} 23. a5 {[%clk 00:48:14]} Nc6 {[%clk
00:48:19]} 24. Qa4 {[%clk 00:48:14]} Qxa4 {[%clk 00:48:19]} 25. Nxa4 {[%clk
00:48:14]} Nd6 {[%clk 00:48:19]} 26. Nc5 {[%clk 00:48:14]} Nc4 {[%clk
00:48:19]} 27. Be1 {[%clk 00:48:14]} N6xa5 {[%clk 00:48:19]} 28. Nxa6 {[%clk
00:48:14]} Nc6 {[%clk 00:48:19]} 29. Nb4 {[%clk 00:48:14]} Nxb4 {[%clk
00:48:19]} 30. Bxb4 {[%clk 00:48:14]} Bf8 {[%clk 00:48:19]} 31. Bc3 {[%clk
00:48:14]} Bg7 {[%clk 00:48:19]} 32. Bxg7 {[%clk 00:48:14]} Kxg7 {[%clk
00:48:19]} 33. Kf1 {[%clk 00:48:14]} Kf6 {[%clk 00:48:19]} 34. Ke2 {[%clk
00:48:14]} Ne5 {[%clk 00:48:19]} 35. Nxe5 {[%clk 00:48:14]} Kxe5 {[%clk
00:48:19]} 36. Ke3 {[%clk 00:48:14]} g5 {[%clk 00:00:29]} {[%emt 01:36:08]} 37.
g3 {[%clk 00:05:21]} h5 {[%clk 00:00:19]} {[%emt 00:00:41]} 38. f4+ {[%clk
00:04:15]} Kf6 {[%clk 00:00:19]} 39. g4 {[%clk 00:04:15]} Kg6 {[%clk 00:00:19]}
40. f5+ {[%clk 00:04:15]} exf5 {[%clk 00:00:19]} 41. exf5+ {[%clk 00:04:15]}
Kh6 {[%clk 00:00:19]} 42. Ke4 {[%clk 00:04:15]} hxg4 {[%clk 00:00:19]} 43. hxg4
{[%clk 00:04:15]} f6 {[%clk 00:00:19]} 44. Kd5 {[%clk 00:04:15]} Kg7 45. Ke6
Kh6 46. Kxf6 Kh7 47. Kxg5 Kg7 48. f6+ Kf7 49. Kf5 Kg8 50. Ke6 Kf8 51. f7 Kg7
52. Ke7 Kg6 53. f8=Q Kg5 54. Qf6+ Kxg4 55. Ke6 Kg3 56. Qf5 Kh2 57. Qg4 Kh1 58.
Ke5 Kh2 59. Ke4 Kh1 60. Kf3 Kh2 61. Qg2# 1-0

[Event "DVM U10 2024"]
[Site "Düsseldorf GER"]
[Date "2024.12.28"]
[Round "4"]
[White "Bienbeck, Matthis"]
[Black "Dintinger, Ata Lucien"]
[Result "1-0"]
[Termination "normal"]
[Board "6.1"]
[WhiteElo "1490"]
[BlackElo "1511"]
[WhiteClock "00:05:32"]
[BlackClock "00:10:15"]
[WhiteTeam "SG Porz"]
[BlackTeam "Elmshorner SC 1896"]
[PlyCount "129"]
[BlackFideId "34654550"]
[EventCountry "GER"]
[EventRounds "7"]
[EventType "team-swiss"]
[EventDate "2024.12.26"]

1. e4 {[%clk 00:55:08]} {[%emt 00:00:02]} e5 {[%clk 00:55:09]} {[%emt
00:00:01]} 2. Nf3 {[%clk 00:55:08]} {[%emt 00:00:05]} Nc6 {[%clk 00:55:05]}
{[%emt 00:00:10]} 3. Bb5 {[%clk 00:55:05]} {[%emt 00:00:07]} a6 {[%clk
00:54:57]} {[%emt 00:00:12]} 4. Ba4 {[%clk 00:55:05]} {[%emt 00:00:06]} Nf6
{[%clk 00:54:56]} {[%emt 00:00:06]} 5. O-O {[%clk 00:55:04]} {[%emt 00:00:07]}
Be7 {[%clk 00:54:53]} {[%emt 00:00:08]} 6. Re1 {[%clk 00:54:39]} {[%emt
00:00:29]} b5 {[%clk 00:54:47]} {[%emt 00:00:10]} 7. Bb3 {[%clk 00:54:36]}
{[%emt 00:00:08]} d6 {[%clk 00:54:40]} {[%emt 00:00:12]} 8. c3 {[%clk
00:54:26]} {[%emt 00:00:15]} O-O {[%clk 00:54:12]} {[%emt 00:00:33]} 9. d3
{[%clk 00:54:14]} {[%emt 00:00:17]} Na5 {[%clk 00:52:37]} {[%emt 00:01:41]} 10.
Bc2 {[%clk 00:53:47]} {[%emt 00:00:32]} c5 {[%clk 00:52:13]} {[%emt 00:00:29]}
11. Nbd2 {[%clk 00:53:32]} {[%emt 00:00:20]} Nc6 {[%clk 00:51:31]} {[%emt
00:00:46]} 12. Nf1 {[%clk 00:53:26]} {[%emt 00:00:11]} Bg4 {[%clk 00:50:00]}
{[%emt 00:01:36]} 13. Ne3 {[%clk 00:51:28]} {[%emt 00:02:02]} Bd7 {[%clk
00:48:41]} {[%emt 00:01:25]} 14. h3 {[%clk 00:49:57]} {[%emt 00:01:35]} Qc8
{[%clk 00:45:33]} {[%emt 00:03:13]} 15. Kh2 {[%clk 00:46:16]} {[%emt 00:03:46]}
Nd8 {[%clk 00:44:17]} {[%emt 00:01:21]} 16. Nf1 {[%clk 00:43:55]} {[%emt
00:02:27]} Ne6 {[%clk 00:43:44]} {[%emt 00:00:38]} 17. Qe2 {[%clk 00:42:47]}
{[%emt 00:01:12]} Nf4 {[%clk 00:43:12]} {[%emt 00:00:38]} 18. Bxf4 {[%clk
00:42:40]} {[%emt 00:00:12]} exf4 {[%clk 00:43:10]} {[%emt 00:00:07]} 19. Rad1
{[%clk 00:42:09]} {[%emt 00:00:35]} Re8 {[%clk 00:42:41]} {[%emt 00:00:34]} 20.
Qd2 {[%clk 00:39:53]} {[%emt 00:02:21]} Nh5 {[%clk 00:37:03]} {[%emt 00:05:44]}
21. d4 {[%clk 00:36:51]} {[%emt 00:03:07]} Rd8 {[%clk 00:35:42]} {[%emt
00:01:25]} 22. Qd3 {[%clk 00:35:40]} {[%emt 00:01:16]} c4 {[%clk 00:34:46]}
{[%emt 00:01:02]} 23. Qe2 {[%clk 00:34:54]} {[%emt 00:00:50]} h6 {[%emt
00:06:10]} 24. e5 {[%clk 00:33:35]} {[%emt 00:01:23]} d5 {[%clk 00:28:26]}
{[%emt 00:00:20]} 25. Ng1 {[%clk 00:27:43]} {[%emt 00:05:57]} g6 {[%clk
00:27:27]} {[%emt 00:01:04]} 26. e6 {[%clk 00:18:17]} {[%emt 00:09:31]} Bxe6
{[%clk 00:25:40]} {[%emt 00:01:52]} 27. Bxg6 {[%clk 00:17:56]} {[%emt
00:00:26]} fxg6 {[%clk 00:25:15]} {[%emt 00:00:30]} 28. Qxe6+ {[%clk 00:17:49]}
{[%emt 00:00:13]} Qxe6 {[%clk 00:25:11]} {[%emt 00:00:08]} 29. Rxe6 {[%clk
00:17:45]} {[%emt 00:00:09]} Kf7 {[%clk 00:24:55]} {[%emt 00:00:22]} 30. Rde1
{[%clk 00:17:23]} {[%emt 00:00:26]} Re8 {[%clk 00:24:39]} {[%emt 00:00:21]} 31.
Nf3 {[%clk 00:16:43]} {[%emt 00:00:44]} Bf6 {[%clk 00:24:16]} {[%emt 00:00:29]}
32. Rxe8 {[%clk 00:14:52]} {[%emt 00:01:57]} Rxe8 {[%clk 00:23:59]} {[%emt
00:00:22]} 33. Rxe8 {[%clk 00:14:26]} {[%emt 00:00:30]} Kxe8 {[%clk 00:23:58]}
{[%emt 00:00:06]} 34. g4 {[%clk 00:14:14]} {[%emt 00:00:17]} Ng7 {[%clk
00:23:51]} {[%emt 00:00:12]} 35. h4 {[%clk 00:13:51]} {[%emt 00:00:28]} Kd7
{[%clk 00:23:03]} {[%emt 00:00:54]} 36. g5 {[%clk 00:13:28]} {[%emt 00:00:28]}
hxg5 {[%clk 00:22:48]} {[%emt 00:00:19]} 37. hxg5 {[%clk 00:13:22]} {[%emt
00:00:11]} Be7 {[%clk 00:22:46]} {[%emt 00:00:07]} 38. Kh3 {[%clk 00:13:15]}
{[%emt 00:00:12]} Ke6 {[%clk 00:22:32]} {[%emt 00:00:19]} 39. Kg4 {[%clk
00:13:11]} {[%emt 00:00:09]} Nh5 {[%clk 00:22:12]} {[%emt 00:00:25]} 40. Ne5
{[%clk 00:12:32]} {[%emt 00:00:43]} Bd6 {[%clk 00:20:50]} {[%emt 00:01:27]} 41.
Nxg6 {[%clk 00:12:00]} {[%emt 00:00:37]} Ng7 {[%clk 00:20:44]} {[%emt
00:00:12]} 42. Nh4 {[%clk 00:11:24]} {[%emt 00:00:42]} a5 {[%clk 00:20:10]}
{[%emt 00:00:38]} 43. Ng2 {[%clk 00:10:22]} {[%emt 00:01:07]} b4 {[%clk
00:19:59]} {[%emt 00:00:16]} 44. Nxf4+ {[%clk 00:10:15]} {[%emt 00:00:12]} Bxf4
{[%clk 00:18:54]} {[%emt 00:01:10]} 45. Kxf4 {[%clk 00:10:06]} {[%emt
00:00:15]} Nf5 {[%clk 00:18:22]} {[%emt 00:00:37]} 46. Kg4 {[%clk 00:09:41]}
{[%emt 00:00:30]} a4 {[%clk 00:18:12]} {[%emt 00:00:15]} 47. a3 {[%clk
00:08:52]} {[%emt 00:00:53]} b3 {[%clk 00:17:47]} {[%emt 00:00:30]} 48. Ne3
{[%clk 00:08:31]} {[%emt 00:00:25]} Ng7 {[%clk 00:17:38]} {[%emt 00:00:15]} 49.
f4 {[%clk 00:08:21]} {[%emt 00:00:15]} Ne8 {[%clk 00:17:06]} {[%emt 00:00:37]}
50. f5+ {[%clk 00:08:17]} {[%emt 00:00:09]} Kd6 {[%clk 00:17:03]} {[%emt
00:00:08]} 51. g6 {[%clk 00:07:50]} {[%emt 00:00:32]} Ng7 {[%clk 00:15:43]}
{[%emt 00:01:25]} 52. Kg5 {[%clk 00:07:33]} {[%emt 00:00:21]} Ne8 {[%clk
00:14:56]} {[%emt 00:00:52]} 53. f6 {[%clk 00:07:04]} {[%emt 00:00:34]} Nc7
{[%clk 00:13:50]} {[%emt 00:01:10]} 54. g7 {[%clk 00:07:01]} {[%emt 00:00:10]}
Ne6+ {[%clk 00:13:11]} {[%emt 00:00:44]} 55. Kf5 {[%clk 00:06:54]} {[%emt
00:00:11]} Nc7 {[%clk 00:11:43]} {[%emt 00:01:33]} 56. g8=Q {[%clk 00:06:48]}
{[%emt 00:00:12]} Kc6 {[%clk 00:11:38]} {[%emt 00:00:09]} 57. Qe6+ {[%clk
00:06:31]} {[%emt 00:00:22]} Nxe6 {[%clk 00:11:12]} {[%emt 00:00:31]} 58. Kxe6
{[%clk 00:06:30]} {[%emt 00:00:06]} Kc7 {[%emt 00:00:11]} 59. f7 {[%clk
00:06:29]} {[%emt 00:00:03]} Kc6 {[%clk 00:11:04]} {[%emt 00:01:06]} 60. f8=Q
{[%clk 00:06:08]} Kc7 {[%clk 00:11:04]} 61. Qc8+ {[%clk 00:05:58]} {[%emt
00:00:33]} Kb6 {[%clk 00:10:38]} 62. Kd6 {[%clk 00:05:53]} {[%emt 00:00:37]}
Ka6 {[%clk 00:10:17]} {[%emt 00:00:47]} 63. Qb8 {[%clk 00:05:38]} {[%emt
00:00:08]} Ka5 {[%clk 00:10:15]} {[%emt 00:00:08]} 64. Nxd5 {[%clk 00:05:32]}
{[%emt 00:00:10]} Ka6 {[%emt 00:00:10]} 65. Qb6# {[%emt 00:00:10]} 1-0

[Event "DVM U10 2024"]
[Site "Düsseldorf GER"]
[Date "2024.12.28"]
[Round "4"]
[White "Sauer, Ben"]
[Black "Weßels, Keke"]
[Result "0-1"]
[Termination "normal"]
[Board "7.1"]
[WhiteElo "1645"]
[BlackElo "1568"]
[WhiteClock "00:09:45"]
[BlackClock "00:09:56"]
[WhiteTeam "Schachzentrum Bemerode"]
[BlackTeam "SC Aurich"]
[PlyCount "166"]
[WhiteFideId "34606866"]
[BlackFideId "34640045"]
[EventCountry "GER"]
[EventRounds "7"]
[EventType "team-swiss"]
[EventDate "2024.12.26"]

1. e4 {[%clk 00:55:09]} {[%emt 11:15:28]} c5 {[%clk 00:55:02]} {[%emt
00:00:08]} 2. Nf3 {[%clk 00:55:06]} {[%emt 00:00:09]} e6 {[%clk 00:54:54]}
{[%emt 00:00:11]} 3. d4 {[%clk 00:55:02]} {[%emt 00:00:09]} cxd4 {[%clk
00:54:51]} {[%emt 00:00:09]} 4. Nxd4 {[%clk 00:55:00]} {[%emt 00:00:07]} a6
{[%clk 00:54:41]} {[%emt 00:00:14]} 5. Nc3 {[%clk 00:54:57]} {[%emt 00:00:09]}
b5 {[%clk 00:54:17]} {[%emt 00:00:28]} 6. a3 {[%clk 00:54:15]} {[%emt
00:00:48]} Bb7 {[%clk 00:54:02]} {[%emt 00:00:18]} 7. Be2 {[%clk 00:52:15]}
{[%emt 00:02:07]} Qc7 {[%clk 00:52:33]} {[%emt 00:01:33]} 8. O-O {[%clk
00:49:59]} {[%emt 00:02:23]} Nf6 {[%clk 00:50:55]} {[%emt 00:01:42]} 9. Qd3
{[%clk 00:47:26]} {[%emt 00:02:39]} Nc6 {[%clk 00:46:58]} {[%emt 00:04:00]} 10.
Nxc6 {[%clk 00:40:22]} {[%emt 00:07:10]} Bxc6 {[%clk 00:46:24]} {[%emt
00:00:39]} 11. Bf3 {[%clk 00:34:52]} {[%emt 00:05:36]} Bd6 {[%clk 00:37:01]}
{[%emt 00:09:21]} 12. h3 {[%clk 00:31:11]} {[%emt 00:03:52]} Rc8 {[%clk
00:31:05]} {[%emt 00:06:00]} 13. Rd1 {[%clk 00:25:53]} {[%emt 00:05:24]} Be5
{[%clk 00:26:45]} {[%emt 00:04:23]} 14. Bd2 {[%clk 00:21:14]} {[%emt 00:04:46]}
O-O {[%emt 00:07:11]} 15. Re1 {[%clk 00:19:09]} {[%emt 00:02:08]} Rfe8 {[%clk
00:17:53]} {[%emt 00:01:53]} 16. Rad1 {[%clk 00:16:52]} {[%emt 00:02:22]} Rcd8
{[%clk 00:15:20]} {[%emt 00:02:38]} 17. Qf1 {[%clk 00:11:51]} {[%emt 00:05:07]}
Re7 {[%clk 00:10:56]} {[%emt 00:04:27]} 18. Rb1 {[%clk 00:09:45]} {[%emt
00:02:12]} Ne8 {[%clk 00:09:56]} {[%emt 00:01:05]} 19. Kh1 Nd6 20. Qd3 Nc4 21.
Bc1 Bf6 22. b3 Ne5 23. Qe2 Rde8 24. Bb2 Kh8 25. Rbd1 Rd8 26. Kg1 Nxf3+ 27. Qxf3
Be5 28. Qe2 a5 29. Qe3 b4 30. axb4 axb4 31. Na4 Bxa4 32. Bxe5 Qxe5 33. bxa4 Ra8
34. Ra1 Ree8 35. Reb1 Reb8 36. Qd3 Qc7 37. Qd2 Qb7 38. Qd3 Qc6 39. Kh1 Rxa4 40.
Rxa4 Qxa4 41. Rd1 Rd8 42. Rb1 f6 43. Qd2 h6 44. Rxb4 Qa1+ 45. Kh2 Qe5+ 46. g3
h5 47. Kg2 Qc5 48. Rd4 Qc6 49. Qe2 Kg8 50. Qxh5 Qxc2 51. Qf3 Qc5 52. Qd3 Qc6
53. Rd6 Qc7 54. Rd4 e5 55. Rd6 Kf7 56. Rd5 Qc6 57. Qe2 Rb8 58. Rd2 Rb4 59. f3
Rd4 60. Rxd4 exd4 61. Qd3 Qc3 62. Qd1 d3 63. Kf1 Ke6 64. f4 g6 65. Qg4+ Kf7 66.
Qxd7+ Kg8 67. Qe8+ Kh7 68. Qd7+ Kh6 69. g4 Qc1+ 70. Kf2 Qd2+ 71. Kf3 Qe2+ 72.
Kg3 d2 73. g5+ fxg5 74. fxg5+ Kxg5 75. Qe7+ Kh6 76. Qh4+ Qh5 77. Qd8 Qg5+ 78.
Qxg5+ Kxg5 79. h4+ Kh5 80. Kf4 d1=Q 81. Ke5 Qg4 82. Kd6 Qxe4 83. Kc5 Qd3 0-1